[Event "GER-ch Net qual1 U14"]
[Site "Playchess.com INT"]
[Date "2012.09.01"]
[Round "1"]
[White "Henning, Marvin"]
[Black "Haeusler, Yannick"]
[Result "0-1"]
[WhiteElo "1569"]
[BlackElo "1247"]
[PlyCount "154"]
[EventDate "2012.09.01"]
[EventType "swiss (blitz)"]
[EventRounds "7"]
[EventCountry "GER"]
[SourceTitle "CBM 150 Extra"]
[Source "ChessBase"]
[SourceDate "2012.10.19"]
[SourceVersion "1"]
[SourceVersionDate "2012.10.19"]
[SourceQuality "1"]

1. e4 c5 2. Nc3 a6 3. f4 b5 4. Nf3 Bb7 5. d3 e6 6. g3 d5 7. Bg2 Be7 8. exd5 exd5 9. Qe2 Nf6 10. Bd2 0-0 11. 0-0 Re8 12. Qf2 b4 13. Ne2 Qc7 14. f5 c4 15. d4 Nc6 16. Bf4 Bd6 17. Bxd6 Qxd6 18. c3 Ne4 19. Qe1 bxc3 20. Nxc3 Nxc3 21. Qxc3 Nb4 22. Ne1 a5 23. a3 Nc6 24. Nf3 Bc8 25. Nh4 Bb7 26. Rae1 Qd7 27. Bh3 Qd6 28. Bg2 Qd7 29. Qf3 Na7 30. Qf4 Rxe1 31. Rxe1 Re8 32. Rxe8+ Qxe8 33. h3 Nc8 34. Qc7 Bc6 35. Qxa5 Qd7 36. g4 h6 37. Nf3 f6 38. Qc3 Nd6 39. b3 Ne4 40. Qc2 cxb3 41. Qxb3 Ba4 42. Qb8+ Kh7 43. Qb4 Qc6 44. Kh2 Qc7+ 45. Kg1 Qc1+ 46. Kh2 Qf4+ 47. Kg1 Qe3+ 48. Kh2 Qf4+ 49. Kh1 Qc1+ 50. Qe1 Nf2+ 51. Kh2 Qf4+ 52. Kg1 Nxh3+ 53. Bxh3 Qxf3 54. Qb4 Qxh3 55. Qxa4 Qxg4+ 56. Kf2 Qxf5+ 57. Ke3 Qe4+ 58. Kd2 Qf4+ 59. Kc3 Qe3+ 60. Kb2 Qd2+ 61. Qc2+ Qxc2+ 62. Kxc2 h5 63. a4 h4 64. Kd2 h3 65. a5 h2 66. a6 h1Q 67. a7 Qa1 68. Kc2 Qxa7 69. Kb3 Qxd4 70. Ka3 g5 71. Ka2 g4 72. Kb1 g3 73. Kc1 g2 74. Kc2 g1Q 75. Kb3 Qge3+ 76. Kc2 Qdd2+ 77. Kb1 Qee1# 0-1

[Event "GER-chA U25"]
[Site "Oberhof"]
[Date "2011.06.15"]
[Round "6"]
[White "George, Tom"]
[Black "Haeusler, Yannick"]
[Result "0-1"]
[WhiteElo "1855"]
[BlackElo "1619"]
[PlyCount "40"]
[EventDate "2011.06.11"]
[EventType "swiss"]
[EventRounds "9"]
[EventCountry "GER"]
[SourceTitle "CBM 142 Extra"]
[Source "ChessBase"]
[SourceDate "2011.06.27"]
[SourceVersion "1"]
[SourceVersionDate "2011.06.27"]
[SourceQuality "1"]

1. e4 c5 2. Nf3 d6 3. d4 cxd4 4. Nxd4 Nf6 5. Nc3 a6 6. f3 b5 7. Be3 Bb7 8. Qd2 Nbd7 9. g4 e6 10. 0-0-0 Nc5 11. h4 b4 12. Nce2 a5 13. Nb5 d5 14. Bf4 Rc8 15. e5 b3 16. Kb1 Nce4 17. Qe1 bxc2+ 18. Kc1 cxd1Q+ 19. Kxd1 Bb4 20. Nec3 d4 0-1